<?xml version="1.0" encoding="UTF-8"?>
<record
    xmlns:xsi="http://www.w3.org/2001/XMLSchema-instance"
    xsi:schemaLocation="http://www.loc.gov/MARC21/slim http://www.loc.gov/standards/marcxml/schema/MARC21slim.xsd"
    xmlns="http://www.loc.gov/MARC21/slim">

  <leader>02596cam a22004334a 4500</leader>
  <controlfield tag="001">12508500</controlfield>
  <controlfield tag="003">OSt</controlfield>
  <controlfield tag="005">20260410071749.0</controlfield>
  <controlfield tag="008">010821s2002    enkb     b    001 0 eng  </controlfield>
  <datafield tag="010" ind1=" " ind2=" ">
    <subfield code="a">  2001044719</subfield>
  </datafield>
  <datafield tag="020" ind1=" " ind2=" ">
    <subfield code="a">0333964381</subfield>
  </datafield>
  <datafield tag="020" ind1=" " ind2=" ">
    <subfield code="a">9780333964385</subfield>
  </datafield>
  <datafield tag="035" ind1=" " ind2=" ">
    <subfield code="a">12508500</subfield>
  </datafield>
  <datafield tag="040" ind1=" " ind2=" ">
    <subfield code="a">DLC</subfield>
    <subfield code="c">DLC</subfield>
    <subfield code="d">DLC</subfield>
  </datafield>
  <datafield tag="042" ind1=" " ind2=" ">
    <subfield code="a">pcc</subfield>
  </datafield>
  <datafield tag="050" ind1="0" ind2="0">
    <subfield code="a">HD87</subfield>
    <subfield code="b">.P74 2002</subfield>
  </datafield>
  <datafield tag="082" ind1="0" ind2="0">
    <subfield code="a">361.2/6</subfield>
    <subfield code="2">21</subfield>
  </datafield>
  <datafield tag="245" ind1="0" ind2="4">
    <subfield code="a">The prevention of humanitarian emergencies /</subfield>
    <subfield code="c">edited by E. Wayne Nafziger and Raimo V&#xE4;yrynen.</subfield>
  </datafield>
  <datafield tag="260" ind1=" " ind2=" ">
    <subfield code="a">Houndmills, Basingstoke, Hampshire ;</subfield>
    <subfield code="a">New York :</subfield>
    <subfield code="b">Palgrave in association with the United Nations University/World Institute for Development Economics Research,</subfield>
    <subfield code="c">2002.</subfield>
  </datafield>
  <datafield tag="300" ind1=" " ind2=" ">
    <subfield code="a">xvii, 322 p. :</subfield>
    <subfield code="b">map ;</subfield>
    <subfield code="c">23 cm.</subfield>
  </datafield>
  <datafield tag="336" ind1=" " ind2=" ">
    <subfield code="a">text</subfield>
    <subfield code="b">txt</subfield>
    <subfield code="2">rdacontent</subfield>
  </datafield>
  <datafield tag="337" ind1=" " ind2=" ">
    <subfield code="a">unmediated</subfield>
    <subfield code="b">n</subfield>
    <subfield code="2">rdamedia</subfield>
  </datafield>
  <datafield tag="338" ind1=" " ind2=" ">
    <subfield code="a">volume</subfield>
    <subfield code="b">nc</subfield>
    <subfield code="2">rdacarrier</subfield>
  </datafield>
  <datafield tag="504" ind1=" " ind2=" ">
    <subfield code="a">Includes bibliographical references (p. 286-315) and index.</subfield>
  </datafield>
  <datafield tag="505" ind1="8" ind2=" ">
    <subfield code="a">Machine generated contents note: I The Political Economy of Preventing lumanitarian -- Emergencies -- E. Wayne Nafziger -- Part I International Economic Responses -- 2 Macroeconomic Stabilization and Structural Adjustment -- Christopher Cramer and John Weeks -- 3 Global linkages. Vulnerable Economies and the Outbreak -- of Confict -- Valpy FitzGerald -- Part II Domestic Economic Responses -- 4 State Legitimacy, Tax Reform, and the Provision of Basic -- Services -- John 7bye -- 5 Agrarian Reform, Land Redistribution and Small-Farm Policy -- R. A. Berry -- 6 Protecting Environmental Resources and Preventing -- Land Degradation -- Gaim Kibreab -- Part III Governmental and Non-Governmental Strategies -- 7 Preventing Humanitarian Emergences: Human Security -- and Strategic Action -- Raimo Vayrynen.</subfield>
  </datafield>
  <datafield tag="650" ind1=" " ind2="0">
    <subfield code="a">Economic policy.</subfield>
  </datafield>
  <datafield tag="650" ind1=" " ind2="0">
    <subfield code="a">Social policy.</subfield>
  </datafield>
  <datafield tag="650" ind1=" " ind2="0">
    <subfield code="a">Humanitarian assistance.</subfield>
  </datafield>
  <datafield tag="700" ind1="1" ind2=" ">
    <subfield code="a">Nafziger, E. Wayne.</subfield>
  </datafield>
  <datafield tag="700" ind1="1" ind2=" ">
    <subfield code="a">V&#xE4;yrynen, Raimo.</subfield>
  </datafield>
  <datafield tag="830" ind1=" " ind2="0">
    <subfield code="a">Studies in development economics and policy.</subfield>
  </datafield>
  <datafield tag="856" ind1="4" ind2="2">
    <subfield code="3">Contributor biographical information</subfield>
    <subfield code="u">http://www.loc.gov/catdir/bios/hol051/2001044719.html</subfield>
  </datafield>
  <datafield tag="856" ind1="4" ind2="2">
    <subfield code="3">Publisher description</subfield>
    <subfield code="u">http://www.loc.gov/catdir/description/hol021/2001044719.html</subfield>
  </datafield>
  <datafield tag="856" ind1="4" ind2="1">
    <subfield code="3">Table of contents</subfield>
    <subfield code="u">http://www.loc.gov/catdir/toc/fy02/2001044719.html</subfield>
  </datafield>
  <datafield tag="906" ind1=" " ind2=" ">
    <subfield code="a">7</subfield>
    <subfield code="b">cbc</subfield>
    <subfield code="c">orignew</subfield>
    <subfield code="d">1</subfield>
    <subfield code="e">ocip</subfield>
    <subfield code="f">20</subfield>
    <subfield code="g">y-gencatlg</subfield>
  </datafield>
  <datafield tag="942" ind1=" " ind2=" ">
    <subfield code="2">lcc</subfield>
    <subfield code="c">BK</subfield>
    <subfield code="n">0</subfield>
  </datafield>
  <datafield tag="999" ind1=" " ind2=" ">
    <subfield code="c">23685</subfield>
    <subfield code="d">23684</subfield>
  </datafield>
  <datafield tag="952" ind1=" " ind2=" ">
    <subfield code="0">0</subfield>
    <subfield code="1">0</subfield>
    <subfield code="2">lcc</subfield>
    <subfield code="4">0</subfield>
    <subfield code="7">0</subfield>
    <subfield code="a">IPSTC</subfield>
    <subfield code="b">IPSTC</subfield>
    <subfield code="d">2022-11-14</subfield>
    <subfield code="i">3106/2022</subfield>
    <subfield code="l">0</subfield>
    <subfield code="o">HD87 .P74 2002</subfield>
    <subfield code="p">200131062022</subfield>
    <subfield code="r">2022-11-14</subfield>
    <subfield code="t">c1</subfield>
    <subfield code="w">2022-11-14</subfield>
    <subfield code="y">BK</subfield>
  </datafield>
  <datafield tag="952" ind1=" " ind2=" ">
    <subfield code="0">0</subfield>
    <subfield code="1">0</subfield>
    <subfield code="2">lcc</subfield>
    <subfield code="4">0</subfield>
    <subfield code="7">0</subfield>
    <subfield code="a">IPSTC</subfield>
    <subfield code="b">IPSTC</subfield>
    <subfield code="d">2022-11-14</subfield>
    <subfield code="i">2787/2019</subfield>
    <subfield code="l">0</subfield>
    <subfield code="o">HD87 .P74 2002</subfield>
    <subfield code="p">200127872019</subfield>
    <subfield code="r">2022-11-14</subfield>
    <subfield code="w">2022-11-14</subfield>
    <subfield code="y">BK</subfield>
  </datafield>
</record>
